00650nam a2200217Ia 4500020001800000082001700018100002500035245006600060260002800126300001300154440003200167504005000199650001600249650001100265650001700276650004000293650003700333650002500370700001700395700002000412 a0-415-34939-7 a363.81 GON-H aGonzalez-Pelaez, Ana 0aHuman rights and world trade: hunger in international society aLondonbRoutledgec2005 axvi, 175 aNew international relations aincludes bibliographical references and index aFood supply aHunger aHuman rights aInternational tradevSocial aspects aInternational economic relations aVincent, R.J., 1943- aBuzan, Barry aLittle, Richard